000
00211nam a22000857a 4500
008
160629b xxu||||| |||| 00| 0 eng d
100
_9
1411
_a
Shuman, J.E
245
_a
Multimedia in Action
260
_a
N.D
_b
Vikas
_c
1998
999
_c
1168
_d
1168